|
|
|
|
| LEADER |
00000nam a2200000 a 4500 |
| 001 |
vtls010518413 |
| 003 |
SK-MaSNL |
| 005 |
20260301214631.0 |
| 008 |
240318s2012 pl hbc g h 001 0bpol |
| 015 |
|
|
|a SNBZSA2014-002379
|
| 020 |
|
|
|a 9788374904551
|q (brož.)
|
| 035 |
|
|
|a 666A172C-89C9-40DC-B049-E7BF90C0522F
|
| 035 |
|
|
|a urn:nbn:sk:snk-amjniu
|
| 035 |
|
|
|a urn:nbn:sk:snk-am002dyt
|
| 040 |
|
|
|a SNK
|b slo
|c SNK
|e AACR2
|
| 041 |
0 |
|
|a pol
|b eng
|b tus
|
| 044 |
|
|
|a pl
|c PL
|
| 072 |
|
7 |
|a 94(560/569.5)
|x Dejiny štátov západnej Ázie. Blízky východ
|2 konspekt
|
| 072 |
|
7 |
|a 929
|x Biografie
|2 konspekt
|
| 080 |
|
|
|a 070.42
|2 2001
|
| 080 |
|
|
|a (=162.1)
|2 2001
|
| 080 |
|
|
|a (438)
|2 2001
|
| 080 |
|
|
|a (560)
|2 2001
|
| 080 |
|
|
|a (092)
|2 2001
|
| 080 |
|
|
|a 929
|2 2001
|
| 100 |
1 |
|
|a Łątka, Jerzy Siemisław,
|d 1944-
|4 aut
|9 131642
|
| 245 |
1 |
0 |
|a Lehli znaczy Polak
|b udział Karola Karskiego (1833-1914) w procesie przeobrażenia Imperium Osmańskiego w Republikę Turcji
|c Jerzy S. Łątka
|
| 246 |
3 |
0 |
|a Udział Karola Karskiego (1833-1914) w procesie przeobrażenia Imperium Osmańskiego w Reublikę Turcji
|
| 260 |
|
|
|a Kraków
|b Wydawnictwo i Drukarnia Towarzystwa Słowaków w Polsce
|c 2012
|
| 300 |
|
|
|a 106 s.
|b faks., mp., portréty
|c 20 cm
|
| 504 |
|
|
|a Bibliogr. odkazy ; reg.
|
| 546 |
|
|
|a Res. angl. a tur.
|
| 600 |
1 |
7 |
|a Karski, Karo,
|d (1833-1914)
|2 SNKMA
|9 603304
|
| 648 |
|
7 |
|a 19.-20. stor.
|2 SNK
|9 268609
|
| 648 |
|
7 |
|a 19th-20th centuries
|2 SNKPHeng
|9 282960
|
| 650 |
0 |
7 |
|a novinári
|2 SNKPH
|9 24785
|
| 650 |
0 |
7 |
|a Journalists
|2 SNKPHeng
|9 110759
|
| 650 |
0 |
7 |
|a Poles
|2 SNKPHeng
|9 306316
|
| 650 |
0 |
7 |
|a Poliaci
|2 SNKPH
|9 24819
|
| 651 |
|
7 |
|a Turecko
|2 SNKPHgeo
|9 16927
|
| 651 |
|
7 |
|a Turkey
|2 SNKPHeng
|9 326346
|
| 655 |
|
7 |
|a biografie
|2 SNKPH
|9 27965
|
| 655 |
|
7 |
|a Biography
|2 SNKPHeng
|9 266314
|
| 752 |
|
|
|a Poľsko
|d Krakov
|
| 919 |
|
|
|a 978-83-7490-455-1
|
| 958 |
|
|
|a OND
|
| 958 |
|
|
|a ZS
|
| 958 |
|
|
|a SK
|
| 958 |
|
|
|a PL
|
| 958 |
|
|
|a BX
|
| 958 |
|
|
|a NB
|
| 999 |
|
|
|c 925416
|d 927346
|
| 952 |
|
|
|a SNK
|b SNK
|y VYP
|7 0
|p 17A1072610
|o snkSD 82174 D1
|i snk2013/13989
|8 1
|g 2.50
|0 0
|1 0
|4 0
|d 2013-06-13
|f 1
|l 0
|r 2017-06-30 00:00:00
|w 2026-02-24
|
| 952 |
|
|
|a SNK
|b SNK
|y PREZ
|7 0
|p 17A1072377
|o snkSD 82174
|i snk2013/13354
|8 2
|g 3.00
|0 0
|1 0
|4 0
|d 2013-06-11
|f 1
|l 0
|r 2025-12-04 00:00:00
|w 2026-02-24
|